|
|
|
|
| LEADER |
00611cam a2200169 7i4500 |
| 001 |
0000025025 |
| 005 |
20100825090000.0 |
| 090 |
0 |
0 |
|a M 346.048091724
|b LAW
|
| 245 |
0 |
0 |
|a Act 617 :
|b Intellectual Property Corporation Malaysia :
|b Intellectual Property Corporation Malaysia :
|b Act 2002.
|
| 260 |
0 |
0 |
|a [S.l]:
|b [s.n],
|c 2002.
|
| 300 |
# |
# |
|a 48 p.
|
| 440 |
0 |
0 |
|a Law of Malaysia
|
| 650 |
0 |
0 |
|a Perbadanan Harta Intelek Malaysia
|
| 650 |
0 |
0 |
|a Intellectual property --
|z Malaysia
|
| 650 |
0 |
0 |
|a Intellectual property Act (Act 617) --
|z Malaysia
|
| 651 |
0 |
0 |
|a Malaysia
|
| 999 |
|
|
|a 0000020739
|b Book
|c Malaysia
|e Business Information Centre
|